| 000 | 00000nam##2200000za#4500 |
| 001 | 9.574746 |
| 003 | CaOODSP |
| 005 | 20210624184331 |
| 007 | cr ||||||||||| |
| 008 | 150406|1990||||xxc|||||o f|0| 0 eng|d |
| 040 | |aCaOODSP|beng |
| 043 | |an-cn--- |
| 086 | 1 |aTU3-7/90-3034E-PDF |
| 110 | 2 |aTransportation Safety Board of Canada. |
| 245 | 10|aSinking of the fishing vessel "Nadine", Gulf of St. Lawrence, 16 December 1990 |h[electronic resource] |
| 260 | |aOttawa - Ontario : |bTransportation Safety Board of Canada |
| 300 | |a66p.|bfigs., glossary, tables, photographs |
| 490 | 1 |aMarine investigation report |vM90L3034 |
| 590 | |a12-36-Supp|b2012-08-22 |
| 775 | 08|tNaufrage du navire de pêche «Nadine», Golfe du Saint-Laurent, 16 décembre 1990 |w(CaOODSP)9.604477 |
| 830 | #0|aMarine investigation report ;|vM90L3034|w(CaOODSP)9.504867 |
| 856 | 40|ahttp://publications.gc.ca|qPDF|s5749 KB|uhttps://publications.gc.ca/collections/collection_2012/bst-tsb/TU3-7-90-3034-eng.pdf|yM90L3034 |